000 00543nam a2200181 u 4500
005 20210223130558.0
008 080804s2007 r 000 0 eng d
020 _a9686772669
035 _aUPN01000158812
049 _aCG
050 4 _aN6559 A5
_bD4.2
100 1 _aDerbez del Pino, Julio
245 1 0 _aAbecedario de arte mexicano :
_ba de Anguiano /
_cJulio Derbez del Pino.
260 _aMéxico :
_bPinacoteca 2000,
_c2007.
300 _a62 p. :
_bil. col.
600 1 4 _aANGUIANO, RAUL,
_d1915-2006 -
_vCATALOGOS
_911205
905 _aLibro
999 _c130926
_d130926